Control and consolation in American culture and politics : rhetoric of therapy

Saved in:
Bibliographic Details
Main Author: Cloud, Dana L.
Format: Book
Language:English
Published: Thousand Oaks : Sage Publications, c1998
Series:Rhetoric & society ; ; 1
Subjects:
Tags: Add Tag
No Tags, Be the first to tag this record!

MARC

LEADER 00000nam a2200000 i 4500
001 1/13621
008 001129s1998 eng d
020 |a 0-7619-0507-3 
035 |l 10064691 
040 |a GR-MY-UA  |b gre  |e aacr 
041 0 |a eng 
082 0 |a 361.10973 
100 1 |a Cloud, Dana L. 
245 1 0 |a Control and consolation in American culture and politics :  |b rhetoric of therapy /  |c Dana L. Cloud 
260 |a Thousand Oaks :   |b Sage Publications,   |c c1998 
300 |a xxiv, 192 p. 
490 1 |a Rhetoric & society  |v ; 1 
504 |a Includes bibliographical references and index 
650 0 0 |a Social problems  |z United States  |x Psychological aspects. 
650 0 0 |a Psychotherapy  |x Social aspects  |z United States. 
650 0 0 |a Psychotherapy  |x Political aspects  |z United States. 
650 0 0 |a Psychoanalysis and culture  |z United States. 
650 0 0 |a Social control  |z United States. 
650 0 0 |a Rhetoric and psychology. 
830 0 |a Rhetoric & society ;  |v ; 1 
852 |a INST  |b LESVOS  |e 20001129  |h 361.10973 CLO  |p 005100029496  |q 005100029496  |t BK  |y 0 
901 |a BIBL1-2000-3 
909 |a Λ  |b 082872 
922 |a 1ΕΛΗ  |b 200011  |c ΤΑΚ/ΠΤΕ  |d ΜΙΧΑΛΟΠΟΥΛΟΣ 
950 |a 185-2000-09-13 
970 |a ΤΖΑΦΕΡΗ  |b ΕΥΑΓΓΕΛΙΑ  |z 2000/12/01